Advertising and Promotion (Record no. 2216)

MARC details
000 -LEADER
fixed length control field 00397nam a22001697a 4500
005 - DATE AND TIME OF LATEST TRANSACTION
control field 20260508151143.0
008 - FIXED-LENGTH DATA ELEMENTS--GENERAL INFORMATION
fixed length control field 160531b xxu||||| |||| 00| 0 eng d
020 ## - INTERNATIONAL STANDARD BOOK NUMBER
ISBN 0-07-047382-x
041 ## - LANGUAGE CODE
Language code of text/sound track or separate title eng
082 ## - DEWEY DECIMAL CLASSIFICATION NUMBER
Classification number 659.1
100 ## - MAIN ENTRY--AUTHOR NAME
Personal name Breach, George E & Brech Mihael A
245 ## - TITLE STATEMENT
Title Advertising and Promotion
260 ## - PUBLICATION, DISTRIBUTION, ETC. (IMPRINT)
Name of publisher TMH
Year of publication 2001
300 ## - PHYSICAL DESCRIPTION
Number of Pages 795
650 ## - SUBJECT ADDED ENTRY--TOPICAL TERM
Topical Term Management
942 ## - ADDED ENTRY ELEMENTS (KOHA)
Koha item type Books
Holdings
Lost status Damaged status Collection code Home library Current library Shelving location Date acquired Full call number Accession Number Koha item type
    MANAGEMENT JRU Library JRU Library SHELF-73-A 31/05/2016 659.1 6262 Books
    MANAGEMENT JRU Library JRU Library SHELF-73-A 31/05/2016 659.1 6263 Books
    MANAGEMENT JRU Library JRU Library SHELF-73-A 31/05/2016 659.1 6264 Books
    MANAGEMENT JRU Library JRU Library SHELF-73-A 31/05/2016 659.1 6265 Books